|
|
|
|
| LEADER |
01482nam a2200349 a 4500 |
| 001 |
000613366 |
| 003 |
CZ BrMZK |
| 005 |
20100312072346.0 |
| 007 |
ta |
| 008 |
020730s2002 xr f cze d |
| 015 |
|
|
|a cnb001180099
|
| 020 |
|
|
|a 80-86633-01-2
|
| 035 |
|
|
|a (OCoLC)53268009
|
| 040 |
|
|
|a BOA001
|b cze
|
| 041 |
0 |
|
|a cze
|a slo
|b eng
|
| 072 |
|
7 |
|a 377
|x Odborné vzdělávání
|2 Konspekt
|9 22
|
| 080 |
|
|
|a 371.133
|2 MRF
|
| 080 |
|
|
|a 377.8
|2 MRF
|
| 080 |
|
|
|a (062.534)
|2 MRF
|
| 111 |
2 |
|
|a Úloha fakultního cvičného učitele a fakultní cvičné školy v přípravě budoucího učitele (konference)
|d (2002 :
|c Brno, Česko)
|7 kn20021024011
|
| 245 |
1 |
0 |
|a Úloha fakultního cvičného učitele a fakultní cvičné školy v přípravě budoucího učitele :
|b sborník z mezinárodní konference, která se konala dne 26. dubna 2002 na Pedagogické fakultě MU v Brně /
|c Tomáš Janík (ed.)
|
| 260 |
|
|
|a Brno :
|b Pedagogická fakulta Masarykovy univerzity,
|c 2002
|
| 300 |
|
|
|a 142 s. ;
|c 21 cm
|
| 500 |
|
|
|a Část. slovenský text, anglická resumé
|
| 504 |
|
|
|a Obsahuje bibliografie
|
| 650 |
0 |
7 |
|a vzdělávání učitelů
|7 ph158324
|2 czenas
|
| 650 |
0 |
7 |
|a pedagogická praxe
|7 ph124011
|2 czenas
|
| 655 |
|
7 |
|a sborníky konferencí
|7 fd133333
|2 czenas
|
| 700 |
1 |
|
|a Janík, Tomáš,
|d 1977-
|7 mzk2002103161
|4 edt
|
| 910 |
|
|
|a BOA001
|b 2-1109.290
|
| 990 |
|
|
|a BK
|
| 996 |
6 |
|
|b 2610173488
|c 2-1109.290
|l MZK
|r Sklad / do 1 hodiny
|n 5
|p p.v.
|w 000613366
|u 000010
|a 1
|e BOA001
|j MZK50
|s P
|